Československá daňová reforma. 10. Zákon o správních poplatcích.
Zákon o správnych poplatkoch vyberaných správnymi orgánmi ČR je súčasťou novej daňovej sústavy. Jeho cieľom je prehľadnosť a administratívna jednoduchosť vymerania a vyberania správnych poplatkov ako jedného zo zdrojov príjmov štátneho rozpočtu, rozpočtu obcí a okresných úradov.
Salvato in:
| Autore principale: | |
|---|---|
| Natura: | Capitolo di libro |
| Lingua: | ceco |
| Soggetti: | |
| Tags: |
Nessun Tag, puoi essere il primo ad aggiungerne!!
|
MARC
| LEADER | 00000naa a2200000 4500 | ||
|---|---|---|---|
| 001 | r008386 | ||
| 005 | 20220831083542.0 | ||
| 041 | 0 | |a cze | |
| 044 | |a [CS] | ||
| 245 | 1 | 0 | |a Československá daňová reforma. 10. |b Zákon o správních poplatcích. |c D. Saksúnová |
| 520 | |a Zákon o správnych poplatkoch vyberaných správnymi orgánmi ČR je súčasťou novej daňovej sústavy. Jeho cieľom je prehľadnosť a administratívna jednoduchosť vymerania a vyberania správnych poplatkov ako jedného zo zdrojov príjmov štátneho rozpočtu, rozpočtu obcí a okresných úradov. | ||
| 610 | 2 | 0 | |a sústava daňová |
| 610 | 2 | 0 | |a dane |
| 610 | 2 | 0 | |a poplatky |
| 610 | 2 | 0 | |a Čechy |
| 610 | 2 | 0 | |a príjmy rozpočtu štátneho |
| 610 | 2 | 0 | |a rozpočet miestny |
| 610 | 2 | 0 | |a zákony |
| 610 | 2 | 0 | |a sadzby daňové |
| 610 | 2 | 0 | |a reformy daňové |
| 100 | 1 | |a Saksúnová, D. | |